Ο γύρος του κόσμου σε 80 ημέρες
Saved in:
| Main Author: | |
|---|---|
| Other Authors: | , |
| Format: | Book |
| Language: | Greek English |
| Published: |
Αθήνα :
Παπαδόπουλος,
2004.
|
| Subjects: | |
| Tags: |
Add Tag
No Tags, Be the first to tag this record!
|
MARC
| LEADER | 00000cam a2200000 i 4500 | ||
|---|---|---|---|
| 001 | 1/67962 | ||
| 008 | 041209s2004 gr | ||| |||| ||gre|| | ||
| 020 | |a 9604122975 | ||
| 035 | |l 10075686 | ||
| 040 | |a GR-MyUa |b gre |e AACR2 | ||
| 041 | 1 | |a gre |h eng | |
| 082 | 7 | |a 843.8 |2 (21) | |
| 100 | 1 | |a Verne, Jules, |d 1828-1905. | |
| 245 | 1 | 2 | |a Ο γύρος του κόσμου σε 80 ημέρες / |c Ιούλιος Βέρν ; εικονογράφηση: Vincent Dutrait ; μετάφραση: Μαρία Πάππα. |
| 260 | |a Αθήνα : |b Παπαδόπουλος, |c 2004. | ||
| 300 | |a 68 σ. : |b εικ. ; |c 29 εκ. | ||
| 500 | |a Τίτλος πρωτοτύπου: Around the world in eighty days. | ||
| 650 | 0 | |a Voyages around the world |x Fiction. | |
| 650 | 0 | |a Adventure stories. | |
| 700 | 1 | |a Dutrait, Vincent, |e ill | |
| 700 | 1 | |a Πάππα, Μαρία, |e trlf | |
| 852 | |a INST |b RHODES |e 20041209 |h 843.8 VER |p 005400018044 |q 005400018044 |t BK |y 0 | ||
| 901 | |a BIBL4-2005-1 | ||
| 922 | |a 4ΕΛΗ |b 200412 |c ΒΙΒΛΙΟΘΗΚΗ |d ΔΕΝΤΡΟ | ||
| 950 | |a 094 | ||
| 970 | |a Χοροζίδου |b Τζένη |z 2005/01/26 | ||